000 00835nam a2200253 a 4500
001 000019470
005 20200929170028.0
008 100629s2005 sp a 000 0 spa d
020 _a8497647343
040 _aDO-SdBNP
_bspa
_cBNPHU
082 _a927.8266
_bC156B
100 1 _aBuraya, Luis Carlos,
_d1950-
_941820
245 1 0 _aMaría Callas /
_cLuis Carlos.
260 _aMadrid :
_bEdimat Libros,
_c2005.
300 _a189 p. :
_bil. ;
_c23 cm.
490 1 _aMujeres en la historia
500 _aIncluye datos biográficos del autor en la solapa de la cubierta
504 _aIncluye referencias bibliográficas ( p.189)
600 1 4 _aCALLAS, MARÍA,
_d1923-1977
_941821
650 4 _aSopranos (cantantes)
_941822
650 4 _aCantantes griegos
_xBiografias
_941823
830 0 _aMujeres de la historia
_941824
049 _aBNPD
999 _c18986
_d18986